[Event "74th ch-BUL"]
[Site "Kyustendil BUL"]
[Date "2010.04.07"]
[Round "1"]
[White "Radulski,J"]
[Black "Arnaudov,G"]
[Result "1/2-1/2"]
[WhiteElo "2592"]
[BlackElo "2404"]
[EventDate "2010.04.07"]

1. d4 Nf6 2. c4 e6 3. Nf3 Nc6 4. g3 d5 5. Nbd2 Bb4 6. Bg2 dxc4 7. O-O Bxd2
8. Qxd2 Rb8 9. Ne5 Nxe5 10. dxe5 Qxd2 11. Bxd2 Nd7 12. Rfc1 b5 13. b3 Bb7
14. bxc4 Bxg2 15. Kxg2 b4 16. Rab1 a5 17. a3 c5 18. axb4 axb4 19. Be3 Ke7
20. Bg5+ f6 21. exf6+ gxf6 22. Bf4 Ra8 23. Rd1 Ra6 24. Rd3 Ne5 25. Bxe5
fxe5 26. Re3 Kf6 27. Rf3+ Ke7 28. Re3 Kf6 29. Rf3+ Ke7 30. Re3 Kf6 1/2-1/2

[Event "74th ch-BUL"]
[Site "Kyustendil BUL"]
[Date "2010.04.07"]
[Round "1"]
[White "Petkov,V"]
[Black "Iotov,V"]
[Result "1-0"]
[WhiteElo "2484"]
[BlackElo "2568"]
[EventDate "2010.04.07"]

1. d4 d5 2. c4 e6 3. Nc3 c6 4. e3 Nf6 5. Nf3 a6 6. Ne5 Nbd7 7. cxd5 cxd5 8.
f4 b5 9. Bd3 Bb7 10. O-O Be7 11. Bd2 O-O 12. Be1 Ne4 13. a4 Nxe5 14. fxe5
bxa4 15. Rxa4 Qb6 16. Ra2 Bc6 17. Rf3 a5 18. Rh3 g6 19. Qg4 Ng5 20. Rg3
Rfc8 21. Qf4 Qd8 22. h4 Ne4 23. Rf3 Qe8 24. Bxe4 dxe4 25. Rf1 a4 26. h5 Bd5
27. hxg6 hxg6 28. Ra1 Rab8 29. Rxa4 Rxb2 30. Ra7 Bb7 31. Na4 Rb3 32. Bh4
Bxh4 33. Qxh4 Ra8 34. Rxa8 Bxa8 35. Qf4 Qe7 36. Nc5 Rb2 37. Qh6 Bd5 38. Rf4
Qf8 39. Qg5 Rb1+ 40. Kh2 Qg7 41. Nd7 1-0

[Event "74th ch-BUL"]
[Site "Kyustendil BUL"]
[Date "2010.04.07"]
[Round "1"]
[White "Georgiev,Ki"]
[Black "Berbatov,K"]
[Result "1-0"]
[WhiteElo "2669"]
[BlackElo "2481"]
[EventDate "2010.04.07"]

1. d4 Nf6 2. Nf3 g6 3. c4 Bg7 4. Nc3 O-O 5. e4 d6 6. h3 e5 7. dxe5 dxe5 8.
Be3 Na6 9. Be2 b6 10. Qc2 Nb4 11. Qb3 c5 12. Rd1 Qe8 13. O-O Bb7 14. Nd5
Rc8 15. Nd2 Nc6 16. Bxc5 Nxd5 17. cxd5 Na5 18. Qa3 Rxc5 19. b4 Rc2 20. Bd3
Rc7 21. bxa5 bxa5 22. Qxa5 Qd7 23. Bb5 Qd6 24. Nc4 Qc5 25. d6 Rcc8 26. d7
Rcd8 27. Qa4 Bxe4 28. Rd2 Rb8 29. Nd6 Bd5 30. Ne8 a6 31. Qxa6 Bb7 32. Qd6
Qxd6 33. Rxd6 Rd8 34. Rc1 Bh6 35. Rc7 Ba8 36. h4 1-0

[Event "74th ch-BUL"]
[Site "Kyustendil BUL"]
[Date "2010.04.07"]
[Round "1"]
[White "Badev,K"]
[Black "Janev,E"]
[Result "0-1"]
[WhiteElo "2396"]
[BlackElo "2450"]
[EventDate "2010.04.07"]

1. d4 Nf6 2. Nc3 d5 3. Bg5 Nbd7 4. Qd2 e6 5. O-O-O c6 6. f3 b5 7. e4 b4 8.
Nce2 dxe4 9. Ng3 Qa5 10. Kb1 Nd5 11. Nxe4 f5 12. c4 bxc3 13. Nxc3 Bb4 14.
Qe1 N7b6 15. Bd2 Rb8 16. Nxd5 Nxd5 17. Bc4 O-O 18. Bxd5 cxd5 19. Ne2 Ba6
20. Nc1 Bxd2 21. Rxd2 Rb6 22. Nb3 Qb4 23. Rd1 Qe7 24. Nc5 Rfb8 25. b3 Bc4
26. Kb2 a5 27. Qc3 Bb5 28. Rhe1 a4 29. b4 a3+ 30. Ka1 Bc4 31. Rb1 Ra8 32.
Re3 Qh4 33. Qd2 Qxh2 34. Nxe6 h6 35. Nc5 Rg6 36. Rbe1 Rxg2 37. Re8+ Kh7 38.
Qc1 Rxa2+ 39. Kb1 Ra1+ 0-1

[Event "74th ch-BUL"]
[Site "Kyustendil BUL"]
[Date "2010.04.07"]
[Round "1"]
[White "Marholev,D"]
[Black "Chatalbashev,B"]
[Result "0-1"]
[WhiteElo "2423"]
[BlackElo "2555"]
[EventDate "2010.04.07"]

1. d4 Nf6 2. Nf3 e6 3. c4 c5 4. g3 cxd4 5. Nxd4 Qc7 6. Qb3 Bc5 7. e3 b6 8.
Bg2 Bb7 9. O-O Bxg2 10. Kxg2 Nc6 11. Nxc6 Qxc6+ 12. f3 Rc8 13. Bd2 O-O 14.
Qd3 d5 15. cxd5 Qxd5 16. Qxd5 Nxd5 17. e4 Ne3+ 18. Bxe3 Bxe3 19. Na3 f5 20.
exf5 exf5 21. Rad1 f4 22. b3 a6 23. Rfe1 b5 24. Re2 Rfd8 25. Rxd8+ Rxd8 26.
Nc2 Bd2 27. gxf4 Bxf4 28. Nb4 Rd6 29. Re8+ Kf7 30. Ra8 Rd2+ 31. Kf1 Rd1+
32. Ke2 Rd2+ 33. Kf1 Bxh2 34. Ra7+ Kf6 35. Rxa6+ Kf5 36. Ra5 Kf4 37. Rxb5
Kxf3 38. Rd5 Rxd5 39. Nxd5 h5 40. a4 g5 41. a5 g4 42. a6 Bb8 43. Ne7 g3 44.
Nc6 g2+ 45. Kg1 Bh2+ 46. Kxh2 Kf2 0-1

[Event "74th ch-BUL"]
[Site "Kyustendil BUL"]
[Date "2010.04.07"]
[Round "1"]
[White "Milchev,N"]
[Black "Spasov,V"]
[Result "0-1"]
[WhiteElo "2382"]
[BlackElo "2599"]
[EventDate "2010.04.07"]

1. Nf3 Nf6 2. c4 g6 3. Nc3 Bg7 4. e4 d6 5. d4 O-O 6. h3 e5 7. d5 Nh5 8. a3
f5 9. Be3 Nf6 10. b4 Qe7 11. c5 Nxe4 12. Nxe4 fxe4 13. Nd2 Nd7 14. Bc4 Nf6
15. g4 Bd7 16. Qb3 Kh8 17. O-O-O a5 18. cxd6 cxd6 19. b5 a4 20. Qb4 Qf7 21.
Nb1 Rfc8 22. Kb2 Rxc4 23. Qxc4 Rc8 24. Qxa4 Nxd5 25. Rc1 Rf8 26. Rhd1 Nf4
27. Rc7 Nd3+ 28. Ka1 Bxb5 29. Qc2 Qe8 30. Rxb7 Bc6 31. Ra7 d5 32. Rd2 h6
33. Ra6 Bb5 34. Ra7 Bc4 35. Bb6 Qb8 36. Be3 Rc8 37. Qa4 Nc1 38. Rb2 Nb3+
39. Ka2 d4 40. Rxb3 Bxb3+ 41. Qxb3 Qxa7 0-1

[Event "74th ch-BUL"]
[Site "Kyustendil BUL"]
[Date "2010.04.07"]
[Round "1"]
[White "Nikolov,Mo"]
[Black "Kukov,V"]
[Result "1-0"]
[WhiteElo "2550"]
[BlackElo "2368"]
[EventDate "2010.04.07"]

1. d4 d5 2. Nf3 Nf6 3. c4 dxc4 4. e3 e6 5. Bxc4 a6 6. O-O c5 7. Bb3 Nc6 8.
Qe2 cxd4 9. Rd1 Qc7 10. exd4 Be7 11. Nc3 O-O 12. Bg5 Ng4 13. h3 Bxg5 14.
hxg4 Qf4 15. Nxg5 Qxg5 16. Ne4 Qg6 17. f4 e5 18. f5 Nxd4 19. fxg6 Nxe2+ 20.
Kf2 hxg6 21. Kxe2 Bxg4+ 22. Ke3 Bxd1 23. Rxd1 Rfd8 24. Rf1 Rd7 25. Ng5 Rf8
26. Ke4 Rd4+ 27. Kxe5 Rb4 28. Kd6 Rd8+ 29. Ke7 Rxb3 30. axb3 Rd2 31. Rxf7
Re2+ 32. Ne6 Rxg2 33. Rxg7+ Kh8 34. Kf6 b5 35. Ra7 Rxb2 36. Ng5 1-0

[Event "74th ch-BUL"]
[Site "Kyustendil BUL"]
[Date "2010.04.08"]
[Round "2"]
[White "Arnaudov,G"]
[Black "Kukov,V"]
[Result "1/2-1/2"]
[WhiteElo "2404"]
[BlackElo "2368"]
[EventDate "2010.04.07"]

1. e4 g6 2. d4 Bg7 3. Nc3 d6 4. Nf3 c6 5. a4 Nd7 6. Be2 e5 7. O-O Ngf6 8.
dxe5 dxe5 9. Be3 O-O 10. Nd2 Qc7 11. Nc4 Nb6 12. Qd6 Qxd6 13. Nxd6 Rd8 14.
Nxc8 Nxc8 15. Rfd1 Nd6 16. f3 Bf8 17. b3 b6 18. a5 b5 19. Bc5 Nb7 20. Bxf8
Kxf8 21. b4 Rxd1+ 22. Rxd1 Rd8 23. Rxd8+ Nxd8 24. Nd1 Nd7 25. Nb2 Ke7 26.
Kf2 Kd6 27. Ke3 a6 28. c3 Ne6 29. Bd1 f6 30. Bb3 Ndf8 31. Nd3 g5 32. g3 c5
33. Bxe6 Nxe6 34. Ne1 c4 35. Ng2 1/2-1/2

[Event "74th ch-BUL"]
[Site "Kyustendil BUL"]
[Date "2010.04.08"]
[Round "2"]
[White "Spasov,V"]
[Black "Nikolov,Mo"]
[Result "1/2-1/2"]
[WhiteElo "2599"]
[BlackElo "2550"]
[EventDate "2010.04.07"]

1. e4 c5 2. Nf3 e6 3. d4 cxd4 4. Nxd4 a6 5. Nc3 Qc7 6. Be2 Nf6 7. O-O Be7
8. f4 d6 9. a4 Nc6 10. Be3 O-O 11. Qe1 Nxd4 12. Bxd4 e5 13. Be3 exf4 14.
Bxf4 Be6 15. Qg3 Nd7 16. Bh6 Qc5+ 17. Kh1 Qe5 18. Bf4 Qc5 19. Bh6 Qe5 20.
Bf4 Qc5 21. Bh6 Qe5 1/2-1/2

[Event "74th ch-BUL"]
[Site "Kyustendil BUL"]
[Date "2010.04.08"]
[Round "2"]
[White "Chatalbashev,B"]
[Black "Milchev,N"]
[Result "1-0"]
[WhiteElo "2555"]
[BlackElo "2382"]
[EventDate "2010.04.07"]

1. d4 d5 2. c4 Nc6 3. Nf3 Bg4 4. Nc3 e6 5. cxd5 exd5 6. Bf4 Bd6 7. Bxd6
Qxd6 8. e3 Nf6 9. Be2 O-O 10. O-O a6 11. Rc1 Rae8 12. Na4 Re7 13. Nc5 Nd8
14. Ne5 Bxe2 15. Qxe2 c6 16. b4 Ne8 17. a4 f6 18. Ned3 Nc7 19. Rc3 Nce6 20.
Rfc1 g6 21. Qb2 Nc7 22. Qc2 Rff7 23. h3 Kg7 24. Nf4 Kg8 25. h4 Nce6 26.
Nfxe6 Nxe6 27. b5 axb5 28. axb5 cxb5 29. Qb3 Ng7 30. Nd3 Nf5 31. Rc5 Rd7
32. Rxb5 Kg7 33. Nc5 Rde7 34. Nxb7 Qe6 35. Nd8 Qe4 36. Nxf7 Rxf7 37. Qxd5
Qxh4 38. Rb7 Rxb7 39. Qxb7+ Kh6 40. Rc7 1-0

[Event "74th ch-BUL"]
[Site "Kyustendil BUL"]
[Date "2010.04.08"]
[Round "2"]
[White "Janev,E"]
[Black "Marholev,D"]
[Result "1/2-1/2"]
[WhiteElo "2450"]
[BlackElo "2423"]
[EventDate "2010.04.07"]

1. e4 e5 2. Nf3 Nc6 3. d4 exd4 4. Nxd4 Bc5 5. Be3 Qf6 6. c3 Nge7 7. Bc4 Ne5
8. Be2 d5 9. O-O dxe4 10. Nb5 Bd6 11. Nd2 Qg6 12. Nxe4 O-O 13. Nbxd6 cxd6
14. f3 d5 15. Ng3 Re8 16. Bf2 Be6 17. Re1 a6 18. Bf1 N7c6 19. b3 h5 20. h4
Rad8 21. Qd2 f6 22. Rad1 Bf5 23. f4 Bg4 24. fxe5 Bxd1 25. Qxd1 Rxe5 26. Be2
Qh6 27. Bxh5 g6 28. Bf3 Qxh4 29. Rxe5 Nxe5 30. Bxd5+ Kh7 31. Nf1 Qg5 32. c4
b5 33. Qe2 bxc4 34. bxc4 Rb8 35. Be4 Qc1 36. Be3 Qxc4 37. Qh5+ Kg7 38. Qh6+
Kf7 39. Qh7+ Ke6 40. Qa7 Rb2 41. Qa8 Rxa2 42. Qe8+ Kd6 43. Qf8+ Kd7 44.
Qg7+ Ke6 45. Bxg6 Ra1 46. Qg8+ Kd6 47. Qb8+ Ke7 48. Bb1 Qb5 49. Qxb5
1/2-1/2

[Event "74th ch-BUL"]
[Site "Kyustendil BUL"]
[Date "2010.04.08"]
[Round "2"]
[White "Berbatov,K"]
[Black "Badev,K"]
[Result "1-0"]
[WhiteElo "2481"]
[BlackElo "2396"]
[EventDate "2010.04.07"]

1. e4 e5 2. Nf3 Nc6 3. Bb5 a6 4. Ba4 b5 5. Bb3 Nf6 6. O-O Be7 7. d4 d6 8.
c3 O-O 9. Nbd2 exd4 10. cxd4 Bg4 11. h3 Bh5 12. g4 Bg6 13. d5 Nb8 14. Re1
c6 15. Nd4 c5 16. Nf5 Bxf5 17. exf5 Re8 18. a4 b4 19. Nc4 Bf8 20. Rxe8 Nxe8
21. a5 Nd7 22. Bf4 Ndf6 23. g5 Nd7 24. h4 f6 25. Qh5 Ne5 26. Bxe5 fxe5 27.
Nxe5 Qe7 28. Re1 c4 29. Bxc4 Rc8 30. Nd3 Qd7 31. Bxa6 Ra8 32. Nxb4 Nc7 33.
Bd3 Rxa5 34. f6 g6 35. Bxg6 hxg6 36. Qxg6+ Kh8 37. Qh5+ Qh7 38. Qg4 Nxd5
39. Nxd5 Rxd5 40. g6 Qh6 41. Re8 1-0

[Event "74th ch-BUL"]
[Site "Kyustendil BUL"]
[Date "2010.04.08"]
[Round "2"]
[White "Radulski,J"]
[Black "Petkov,V"]
[Result "1/2-1/2"]
[WhiteElo "2592"]
[BlackElo "2484"]
[EventDate "2010.04.07"]

1. e4 e5 2. Nf3 Nc6 3. Bb5 Nf6 4. d3 Bc5 5. c3 O-O 6. O-O d6 7. h3 a6 8.
Bxc6 bxc6 9. d4 Ba7 10. Qc2 Nd7 11. Re1 Qf6 12. Be3 Qg6 13. Nbd2 exd4 14.
cxd4 Nf6 15. Nh4 Qh5 16. Nf5 Bxf5 17. exf5 Nd5 18. Nf3 c5 19. dxc5 Nxe3 20.
Rxe3 Bxc5 21. Re7 Bb6 22. Rae1 Qh6 23. Qc6 Rad8 24. Qd5 Qf6 25. b4 Qc3 26.
Ng5 c6 27. Qd1 h6 28. Ne4 Qxb4 29. f6 d5 30. a3 Qd4 31. Qg4 g6 32. Rxf7
Rxf7 33. Qxg6+ Kf8 34. Qxh6+ Kg8 35. Qg6+ Kf8 36. Qh6+ Kg8 1/2-1/2

[Event "74th ch-BUL"]
[Site "Kyustendil BUL"]
[Date "2010.04.09"]
[Round "3"]
[White "Petkov,V"]
[Black "Arnaudov,G"]
[Result "1-0"]
[WhiteElo "2484"]
[BlackElo "2404"]
[EventDate "2010.04.07"]

1. d4 Nf6 2. c4 e6 3. Nc3 Bb4 4. e3 O-O 5. Nge2 d5 6. a3 Bd6 7. c5 Be7 8.
Nf4 b6 9. b4 a5 10. Rb1 axb4 11. axb4 bxc5 12. bxc5 c6 13. Nd3 Nfd7 14. f4
f6 15. Be2 e5 16. f5 Nxc5 17. Nxc5 Bxc5 18. dxc5 d4 19. Ne4 Bxf5 20. Bd3
Bxe4 21. Bxe4 f5 22. Bd3 Qg5 23. O-O dxe3 24. Qf3 f4 25. Bxe3 Ra3 26. Bxf4
1-0

[Event "74th ch-BUL"]
[Site "Kyustendil BUL"]
[Date "2010.04.09"]
[Round "3"]
[White "Badev,K"]
[Black "Iotov,V"]
[Result "0-1"]
[WhiteElo "2396"]
[BlackElo "2568"]
[EventDate "2010.04.07"]

1. e4 c6 2. d4 d5 3. Nd2 dxe4 4. Nxe4 Bf5 5. Ng3 Bg6 6. Bc4 e6 7. N1e2 Bd6
8. h4 h6 9. Nf4 Bxf4 10. Bxf4 Nf6 11. Qd2 Nbd7 12. O-O-O Nd5 13. Rde1 O-O
14. h5 Bh7 15. Ne4 Nxf4 16. Qxf4 Nb6 17. Nd2 Nxc4 18. Nxc4 Qd5 19. b3 Rad8
20. c3 c5 21. dxc5 Qxc5 22. Kb2 b5 23. Ne5 Rd5 24. Re2 a5 25. Rc1 Qd6 26.
Qe3 Rd8 27. f4 f6 28. Nf3 Bf5 29. c4 Rd3 30. Qa7 Qb4 31. Qf2 a4 32. cxb5
Rxb3+ 0-1

[Event "74th ch-BUL"]
[Site "Kyustendil BUL"]
[Date "2010.04.09"]
[Round "3"]
[White "Marholev,D"]
[Black "Berbatov,K"]
[Result "0-1"]
[WhiteElo "2423"]
[BlackElo "2481"]
[EventDate "2010.04.07"]

1. Nf3 Nf6 2. c4 g6 3. Nc3 Bg7 4. e4 d6 5. d4 O-O 6. h3 e5 7. dxe5 dxe5 8.
Be3 b6 9. Qc2 c5 10. Rd1 Nfd7 11. Nd5 Nc6 12. Be2 Nd4 13. Nxd4 cxd4 14. Bd2
a5 15. b3 Nc5 16. O-O f5 17. f3 Be6 18. Bd3 Rc8 19. Qb1 Rf7 20. Rc1 Bf8 21.
Rce1 f4 22. Be2 Rc6 23. a3 Bxh3 24. Rf2 Be6 25. b4 axb4 26. axb4 Nd7 27.
Rc1 Be7 28. Nxe7+ Qxe7 29. Qa1 Rc7 30. Qa6 h5 31. Kf1 Kg7 32. Ke1 Rf8 33.
c5 bxc5 34. Qa5 Qd6 35. bxc5 Rxc5 36. Rxc5 Qxc5 37. Qxc5 Nxc5 38. Bb4 Rc8
39. Bb5 Nb3 40. Rb2 Rb8 41. Bd7 Rxb4 42. Bxe6 Nc5 43. Rxb4 Nd3+ 0-1

[Event "74th ch-BUL"]
[Site "Kyustendil BUL"]
[Date "2010.04.09"]
[Round "3"]
[White "Milchev,N"]
[Black "Janev,E"]
[Result "1-0"]
[WhiteElo "2382"]
[BlackElo "2450"]
[EventDate "2010.04.07"]

1. d4 d6 2. Nf3 g6 3. c4 Bg7 4. Nc3 Nf6 5. e4 Bg4 6. Be2 O-O 7. h3 Bxf3 8.
Bxf3 Nc6 9. d5 Ne5 10. Be2 c6 11. Be3 Qa5 12. O-O Rfc8 13. f4 Ned7 14. a3
cxd5 15. exd5 Nh5 16. Qe1 Bxc3 17. bxc3 Ng7 18. g4 Nb6 19. Bd4 Qa4 20. Bd3
Rc7 21. Rb1 Qe8 22. f5 Rac8 23. Qh4 Nd7 24. Rbe1 Ne5 25. Bxe5 dxe5 26. Rxe5
g5 27. Qxg5 f6 28. Qh6 Qf8 29. Re2 b5 30. g5 Ne8 31. Qh5 bxc4 32. Bc2 fxg5
33. Rg2 Nf6 34. Qxg5+ Kh8 35. Rd1 Rd8 36. Qf4 Rd6 37. Rd4 Qd8 38. Qh6 e5
39. fxe6 Rxd5 40. Rf4 Ng8 41. Rf8 Rd1+ 42. Bxd1 1-0

[Event "74th ch-BUL"]
[Site "Kyustendil BUL"]
[Date "2010.04.09"]
[Round "3"]
[White "Nikolov,Mo"]
[Black "Chatalbashev,B"]
[Result "0-1"]
[WhiteElo "2550"]
[BlackElo "2555"]
[EventDate "2010.04.07"]

1. d4 d6 2. e4 Nf6 3. f3 c5 4. d5 e6 5. c4 exd5 6. cxd5 g6 7. Nc3 Bg7 8.
Bg5 O-O 9. Qd2 h6 10. Be3 h5 11. Nge2 Nbd7 12. Nc1 Ne5 13. h3 Re8 14. Be2
Nh7 15. f4 Nd7 16. Nd3 b5 17. Nxb5 Ndf6 18. Nf2 Nxe4 19. Nxe4 Rxe4 20. Bd3
Qh4+ 21. Kf1 Rb4 22. Rb1 Ba6 23. Nc3 Bxd3+ 24. Qxd3 Re8 25. a3 Rxf4+ 26.
Bxf4 Qxf4+ 27. Qf3 Qc4+ 28. Kg1 Ng5 29. Qf1 Qh4 30. Ne2 Ne4 31. Qf4 Bd4+
0-1

[Event "74th ch-BUL"]
[Site "Kyustendil BUL"]
[Date "2010.04.09"]
[Round "3"]
[White "Kukov,V"]
[Black "Spasov,V"]
[Result "0-1"]
[WhiteElo "2368"]
[BlackElo "2599"]
[EventDate "2010.04.07"]

1. d4 Nf6 2. Nf3 g6 3. g3 Bg7 4. Bg2 O-O 5. O-O d6 6. c4 Nbd7 7. Nc3 e5 8.
e4 exd4 9. Nxd4 Re8 10. h3 Nc5 11. Re1 h6 12. Nb3 Ne6 13. f4 a5 14. a4 Bd7
15. Be3 Bc6 16. Nd4 Nxd4 17. Bxd4 Nd7 18. Bxg7 Kxg7 19. Nd5 Bxd5 20. Qd4+
Qf6 21. Qxf6+ Kxf6 22. cxd5 Nc5 23. Re3 Re7 24. b3 Kg7 25. Rc1 Rae8 26. e5
b6 27. Rce1 dxe5 28. fxe5 Nd7 29. e6 Nc5 30. Bf1 fxe6 31. Bb5 Rd8 32. dxe6
Rd4 33. h4 Nb7 34. Rc1 Nd6 35. Rc6 Nxb5 36. axb5 Rd5 37. Rec3 Rxb5 38. Rxc7
Rxc7 39. Rxc7+ Kf6 40. e7 Kf7 41. Rc6 Kxe7 42. Rxg6 h5 43. g4 hxg4 44. Rxg4
Rxb3 45. h5 Rh3 46. Rg6 Rxh5 47. Rxb6 Rf5 48. Kg2 Kd7 49. Kg3 Kc7 50. Rh6
Kb7 51. Kg4 Rf8 52. Kg3 a4 53. Rh4 Ra8 54. Kf3 a3 55. Rh1 a2 56. Ra1 Kb6
57. Ke2 Kb5 58. Kd2 Kb4 59. Kc2 Ka3 0-1

[Event "74th ch-BUL"]
[Site "Kyustendil BUL"]
[Date "2010.04.09"]
[Round "4"]
[White "Arnaudov,G"]
[Black "Spasov,V"]
[Result "1/2-1/2"]
[WhiteElo "2404"]
[BlackElo "2599"]
[EventDate "2010.04.07"]

1. d4 Nf6 2. c4 g6 3. Nc3 Bg7 4. e4 d6 5. Nf3 O-O 6. h3 e5 7. dxe5 dxe5 8.
Qxd8 Rxd8 9. Bg5 Re8 10. Nd5 Nxd5 11. cxd5 c6 12. Bc4 cxd5 13. Bxd5 Nd7 14.
Nd2 Nc5 15. O-O-O Be6 16. Bxe6 Nxe6 17. Be3 Nf4 18. g3 Ng2 19. Nf1 Re6 20.
Rg1 Nxe3 21. Nxe3 Rf6 22. Rgf1 Bh6 23. Kb1 Bxe3 24. fxe3 Rxf1 25. Rxf1 Rc8
26. Rc1 Rxc1+ 27. Kxc1 Kf8 28. Kd2 Ke7 29. Kd3 Kd6 30. Kc4 Kc6 31. Kc3
1/2-1/2

[Event "74th ch-BUL"]
[Site "Kyustendil BUL"]
[Date "2010.04.09"]
[Round "4"]
[White "Chatalbashev,B"]
[Black "Kukov,V"]
[Result "1-0"]
[WhiteElo "2555"]
[BlackElo "2368"]
[EventDate "2010.04.07"]

1. d4 d5 2. Nf3 Nf6 3. c4 dxc4 4. e3 e6 5. Bxc4 a6 6. O-O c5 7. Bb3 Nc6 8.
Nc3 cxd4 9. exd4 Be7 10. Bg5 O-O 11. Qd2 b5 12. d5 exd5 13. Nxd5 Nxd5 14.
Bxd5 Bxg5 15. Nxg5 Bb7 16. Rad1 Qf6 17. Ne4 Qe7 18. Nd6 Nd8 19. Bb3 Bc6 20.
Qc3 Qf6 21. Qxf6 gxf6 22. Rfe1 Ra7 23. Rc1 a5 24. Rc5 a4 25. Bc2 Bd7 26.
Rh5 Ne6 27. Bxh7+ Kh8 28. Bd3+ Kg8 29. Bh7+ Kg7 30. Nf5+ Kh8 31. Bg6+ Kg8
32. Ne7+ 1-0

[Event "74th ch-BUL"]
[Site "Kyustendil BUL"]
[Date "2010.04.09"]
[Round "4"]
[White "Janev,E"]
[Black "Nikolov,Mo"]
[Result "1-0"]
[WhiteElo "2450"]
[BlackElo "2550"]
[EventDate "2010.04.07"]

1. e4 c5 2. Nf3 e6 3. c3 Nf6 4. e5 Nd5 5. d4 cxd4 6. cxd4 d6 7. a3 Bd7 8.
Bd3 Bc6 9. O-O Nd7 10. Re1 Rc8 11. b4 a6 12. Ng5 dxe5 13. dxe5 Be7 14. Qg4
Bb5 15. Bxb5 axb5 16. Nf3 Kf8 17. Nbd2 h5 18. Qd4 g5 19. Qd3 g4 20. Nd4 h4
21. Bb2 Qb6 22. Re4 Rg8 23. g3 Rg6 24. Rae1 Kg7 25. Nxb5 hxg3 26. hxg3 Rh8
27. Qe2 Rh3 28. Nd4 Rgh6 29. Rxg4+ Kf8 30. N2f3 Nb8 31. Kg2 R3h5 32. Rc1
Nc6 33. Re4 Kg7 34. Qc2 Na7 35. Qa4 Rh8 36. Rg4+ Kf8 37. Qd7 R5h6 38. Rc2
Rh1 39. Bc1 Rd1 40. Bg5 Nc6 41. Nxc6 Nf4+ 42. Rxf4 Rxd7 43. Nxe7 Rxe7 44.
Bf6 Rh6 45. Ng5 Qb5 46. Bxe7+ Kxe7 47. Rxf7+ Kd8 48. Rg7 Qd5+ 49. f3 1-0

[Event "74th ch-BUL"]
[Site "Kyustendil BUL"]
[Date "2010.04.09"]
[Round "4"]
[White "Berbatov,K"]
[Black "Milchev,N"]
[Result "1-0"]
[WhiteElo "2481"]
[BlackElo "2382"]
[EventDate "2010.04.07"]

1. e4 e5 2. Nf3 Nf6 3. Nxe5 d6 4. Nf3 Nxe4 5. Nc3 Nxc3 6. dxc3 Be7 7. Be3
Nc6 8. Qd2 Be6 9. O-O-O Qd7 10. Kb1 Bf6 11. h4 h6 12. Nd4 Bxd4 13. Bxd4 Rg8
14. Be3 O-O-O 15. f3 Kb8 16. b3 Ne7 17. c4 b6 18. a4 Qc6 19. Qf2 h5 20. Bd3
d5 21. c5 Nf5 22. Bb5 Qb7 23. Bg5 f6 24. Bf4 d4 25. Rhe1 Bd5 26. g4 Nxh4
27. Re7 Rc8 28. Qxd4 Bxf3 29. Qc4 Ng6 30. Rxc7 Qxc7 31. Bxc7+ Kxc7 32. Qf7+
Kb8 33. c6 1-0

[Event "74th ch-BUL"]
[Site "Kyustendil BUL"]
[Date "2010.04.09"]
[Round "4"]
[White "Iotov,V"]
[Black "Marholev,D"]
[Result "1/2-1/2"]
[WhiteElo "2568"]
[BlackElo "2423"]
[EventDate "2010.04.07"]

1. d4 d6 2. Nf3 Bg4 3. e4 e6 4. h3 Bh5 5. Nc3 Be7 6. Be3 c6 7. Bd3 Nf6 8.
Qd2 d5 9. Ne5 dxe4 10. Nxe4 Nxe4 11. Bxe4 Nd7 12. Nxd7 Qxd7 13. O-O O-O 14.
c3 Bd6 15. Bf4 Bg6 16. Bf3 Rad8 17. Rfe1 Rfe8 18. b4 Qc7 19. Bxd6 Qxd6 20.
Qe3 h6 21. a4 a6 22. Qe2 Re7 23. Red1 Qc7 24. a5 e5 25. dxe5 Rde8 26. Rd4
Rxe5 27. Qd2 Bf5 28. Rd1 Kf8 29. h4 Qe7 30. g3 Re1+ 31. Kg2 Rxd1 32. Qxd1
Qe1 33. Qxe1 Rxe1 34. g4 Bc8 35. Rd8+ Re8 36. Rxe8+ Kxe8 37. g5 hxg5 38.
hxg5 Ke7 39. Kg3 Kd6 40. Kf4 Be6 41. Ke3 Ke5 42. Bd1 f6 43. f4+ Kf5 44.
gxf6 gxf6 45. Be2 Bd5 46. Bf1 Kg4 47. Bd3 f5 48. Be2+ Kg3 49. Bh5 Be6 50.
Be8 Kg4 51. c4 Kg3 52. Bh5 Bg8 53. Be2 Be6 54. b5 axb5 55. cxb5 cxb5 56.
Bxb5 Bc8 57. Be2 Bd7 58. Bf3 Bc8 59. Bh1 Kg4 60. Bd5 Kg3 61. Bf3 Kh4 62.
Kf2 Kh3 63. Be2 Bd7 1/2-1/2

[Event "74th ch-BUL"]
[Site "Kyustendil BUL"]
[Date "2010.04.09"]
[Round "4"]
[White "Radulski,J"]
[Black "Badev,K"]
[Result "1-0"]
[WhiteElo "2592"]
[BlackElo "2396"]
[EventDate "2010.04.07"]

1. e4 c5 2. Nf3 e6 3. d4 cxd4 4. Nxd4 Nf6 5. Nc3 d6 6. Bg5 h6 7. Bh4 a6 8.
f4 g5 9. fxg5 Nh7 10. Bg3 hxg5 11. Qd2 Nf6 12. O-O-O Nh5 13. Bf2 Nd7 14.
Kb1 Ne5 15. Nf3 Nxf3 16. gxf3 Be7 17. Rg1 Nf4 18. h4 e5 19. hxg5 Rh2 20.
Qe1 Bxg5 21. Be3 Rh5 22. Bxf4 exf4 23. e5 Be6 24. Ne4 Kf8 25. Rxd6 Qe7 26.
Rxg5 Rxg5 27. Qh4 1-0

[Event "74th ch-BUL"]
[Site "Kyustendil BUL"]
[Date "2010.04.10"]
[Round "5"]
[White "Georgiev,Ki"]
[Black "Arnaudov,G"]
[Result "1/2-1/2"]
[WhiteElo "2669"]
[BlackElo "2404"]
[EventDate "2010.04.07"]

1. d4 Nf6 2. c4 Nc6 3. Nf3 e6 4. g3 d5 5. Bg2 dxc4 6. Qa4 Bb4+ 7. Bd2 Nd5
8. Bxb4 Ndxb4 9. Nc3 a6 10. Ne5 Rb8 11. Nxc6 Nxc6 12. Bxc6+ bxc6 13. Qxc6+
Qd7 14. Qxd7+ Bxd7 15. O-O-O Ke7 16. e4 Rb6 17. Rhe1 g5 18. Rd2 h5 19. f3
h4 20. g4 Rd8 21. Re3 a5 22. Nb1 Bc8 23. Ra3 Rbd6 24. Rxa5 Rxd4 25. Rxg5
Kf6 26. Rc5 e5 27. Rxd4 Rxd4 28. Nc3 Be6 29. g5+ Kxg5 30. Rxe5+ Kf6 31. Rh5
Rd3 32. Nd5+ Bxd5 33. exd5 Rxf3 34. Rxh4 c3 35. a4 cxb2+ 36. Kxb2 Ke5 37.
a5 Kxd5 38. a6 Rf2+ 39. Kb3 Rf3+ 40. Ka4 Kc6 41. Rb4 Rf1 42. Rb3 Rf4+ 43.
Ka3 Rf5 44. Rb4 Rf3+ 45. Ka2 Rf2+ 46. Ka1 Rf1+ 47. Ka2 Rf2+ 48. Rb2 Rf5 49.
Kb1 Rf1+ 50. Ka2 Rf5 51. Kb3 Rb5+ 52. Kc3 Ra5 53. Rf2 Kb6 54. Rxf7 Rxa6 55.
h4 Ra3+ 56. Kb4 Rh3 57. Rh7 Kc6 58. h5 Kd6 59. h6 Ke5 60. Rxc7 Rxh6 1/2-1/2

[Event "74th ch-BUL"]
[Site "Kyustendil BUL"]
[Date "2010.04.10"]
[Round "5"]
[White "Badev,K"]
[Black "Petkov,V"]
[Result "0-1"]
[WhiteElo "2396"]
[BlackElo "2484"]
[EventDate "2010.04.07"]

1. e4 e5 2. Nf3 Nc6 3. d4 exd4 4. Nxd4 Nf6 5. Nxc6 bxc6 6. Bd3 d5 7. exd5
cxd5 8. O-O Be7 9. Bb5+ Bd7 10. Bxd7+ Qxd7 11. Nc3 d4 12. Ne2 c5 13. Bg5
O-O 14. Bxf6 Bxf6 15. Qd3 Qc6 16. b3 Rfc8 17. Rad1 c4 18. Qg3 d3 19. cxd3
c3 20. Nc1 Re8 21. d4 Rad8 22. Qd3 Rxd4 23. Qc2 Rg4 24. g3 h5 25. Ne2 Qf3
26. Nf4 Qxf4 0-1

[Event "74th ch-BUL"]
[Site "Kyustendil BUL"]
[Date "2010.04.10"]
[Round "5"]
[White "Marholev,D"]
[Black "Radulski,J"]
[Result "0-1"]
[WhiteElo "2423"]
[BlackElo "2592"]
[EventDate "2010.04.07"]

1. e4 e5 2. Nf3 Nc6 3. Bb5 a6 4. Bxc6 dxc6 5. O-O Qf6 6. d4 exd4 7. Qxd4
Qxd4 8. Nxd4 Bd7 9. Nc3 O-O-O 10. Be3 Re8 11. Rfd1 Bb4 12. Nde2 f5 13. Bd4
Nf6 14. Bxf6 gxf6 15. f3 fxe4 16. Nxe4 f5 17. N4g3 h5 18. Nf4 h4 19. Nge2
h3 20. g3 Bc5+ 21. Nd4 Bd6 22. Kf2 Rhg8 23. Nde2 a5 24. a4 Rg7 25. Nxh3 Rh7
26. Neg1 Bc5+ 27. Kf1 Bxg1 28. Nxg1 Rxh2 29. Rac1 c5 30. b3 c4 31. Re1
Rxe1+ 32. Kxe1 cxb3 33. cxb3 Rb2 34. Rc3 Be6 35. Ne2 Bxb3 36. Nd4 Bxa4 37.
Nxf5 b5 38. g4 b4 39. Rc5 b3 40. Nd6+ Kd7 41. Nc4 Ra2 42. Rxa5 Bc6 43. Ne5+
Kc8 0-1

[Event "74th ch-BUL"]
[Site "Kyustendil BUL"]
[Date "2010.04.10"]
[Round "5"]
[White "Milchev,N"]
[Black "Iotov,V"]
[Result "0-1"]
[WhiteElo "2382"]
[BlackElo "2568"]
[EventDate "2010.04.07"]

1. d4 Nf6 2. Nf3 e6 3. c4 d5 4. cxd5 exd5 5. Nc3 c6 6. Bg5 Bf5 7. e3 Nbd7
8. Bd3 Bxd3 9. Qxd3 Be7 10. O-O O-O 11. Rab1 a5 12. a3 a4 13. Qc2 Nb6 14.
Ne5 Nfd7 15. Bxe7 Qxe7 16. Nxd7 Qxd7 17. b3 axb3 18. Qxb3 Ra6 19. a4 Rb8
20. Rfd1 h6 21. h3 Qf5 22. Qb4 Nc8 23. e4 dxe4 24. Qc5 Qe6 25. d5 cxd5 26.
Rxd5 Rc6 27. Qd4 Nd6 28. Rd1 Rbc8 29. Rxd6 Rxd6 30. Qxd6 Qxd6 31. Rxd6 Rxc3
32. Rd8+ Kh7 33. Rd7 Kg6 34. Rxb7 Rc1+ 35. Kh2 Ra1 36. Rb4 Kf5 37. Rb7 Ke6
38. Rb6+ Ke5 39. Rb7 f5 40. Rxg7 Rf1 41. a5 Rxf2 42. a6 Ra2 43. a7 Kf4 44.
Rf7 h5 45. h4 e3 46. Re7 Ra1 47. Rb7 Ke4 48. Re7+ Kd3 49. Kg3 e2 50. Rd7+
Kc3 51. Re7 Kd2 52. a8=Q f4+ 53. Kxf4 Rxa8 54. Rd7+ Ke1 55. g4 Kf2 56. Re7
Ra4+ 57. Kg5 hxg4 58. Rf7+ Ke3 0-1